000 00265nam a22000977a 4500
999 _c11140
_d11140
008 180922b ||||| |||| 00| 0 eng d
020 _a9788126013425
100 _aMukherjee, Meenakshi
_96904
245 _aEarly novels in india
260 _aMumbai
_bSahitya Akademy
_c2017